<?xml version="1.0" encoding="UTF-8"?>
<record
    xmlns:xsi="http://www.w3.org/2001/XMLSchema-instance"
    xsi:schemaLocation="http://www.loc.gov/MARC21/slim http://www.loc.gov/standards/marcxml/schema/MARC21slim.xsd"
    xmlns="http://www.loc.gov/MARC21/slim">

  <leader>01197nam a22002657a 4500</leader>
  <controlfield tag="005">20161212141823.0</controlfield>
  <controlfield tag="008">161212b        mx ||||| |||| 00| 0 spa d</controlfield>
  <datafield tag="020" ind1=" " ind2=" ">
    <subfield code="a">978607300079</subfield>
  </datafield>
  <datafield tag="050" ind1="0" ind2="4">
    <subfield code="a">F1219 .1 .C4</subfield>
    <subfield code="b">K45 2008</subfield>
  </datafield>
  <datafield tag="100" ind1=" " ind2=" ">
    <subfield code="a">Kelly, Isabel T. , </subfield>
    <subfield code="d">[1906-         ]</subfield>
    <subfield code="q">(Isabel Truesdell),</subfield>
  </datafield>
  <datafield tag="245" ind1=" " ind2=" ">
    <subfield code="a">Excavaciones Chametla, Sinaloa </subfield>
    <subfield code="c">/ Isabel T. Kelly ; presentaci&#xF3;n Sergio Ortega Noriega ; estudios introductorias Catherine S. Fowler, Robert V. Kemper, Luis Alfonso Grave Tirado ; traducci&#xF3;n de Victoria Schussheim.</subfield>
  </datafield>
  <datafield tag="250" ind1=" " ind2=" ">
    <subfield code="a">1a ed. </subfield>
  </datafield>
  <datafield tag="260" ind1=" " ind2=" ">
    <subfield code="a">M&#xE9;xico : </subfield>
    <subfield code="b">Siglo XXI : </subfield>
    <subfield code="b">Colegio de Sinaloa : </subfield>
    <subfield code="b">Instituto Nacional de Antropolog&#xED;a e Historia, </subfield>
    <subfield code="c">2008.</subfield>
  </datafield>
  <datafield tag="300" ind1=" " ind2=" ">
    <subfield code="a">lviii, 95 p. : </subfield>
    <subfield code="b">il. ; </subfield>
  </datafield>
  <datafield tag="490" ind1=" " ind2=" ">
    <subfield code="a">Los once r&#xED;os</subfield>
  </datafield>
  <datafield tag="500" ind1=" " ind2=" ">
    <subfield code="a">Titulo original : Excavations at Chametla, Sinaloa.</subfield>
  </datafield>
  <datafield tag="650" ind1=" " ind2="7">
    <subfield code="2">LEMB</subfield>
    <subfield code="a">Indios de M&#xE9;xico </subfield>
    <subfield code="x">Ceramica </subfield>
    <subfield code="z">Chametla, Sinaloa </subfield>
  </datafield>
  <datafield tag="651" ind1=" " ind2="7">
    <subfield code="2">LEMB</subfield>
    <subfield code="a">Chametla, Sinaloa </subfield>
    <subfield code="x">Excavaciones </subfield>
    <subfield code="z">M&#xE9;xico </subfield>
  </datafield>
  <datafield tag="700" ind1="1" ind2=" ">
    <subfield code="a">Ortega Noriega, Sergio, </subfield>
    <subfield code="e">prol. </subfield>
  </datafield>
  <datafield tag="700" ind1="1" ind2=" ">
    <subfield code="a">Fowler, Catherine S. </subfield>
    <subfield code="e">intro.</subfield>
  </datafield>
  <datafield tag="700" ind1="1" ind2=" ">
    <subfield code="a">Kemper, Robert V., </subfield>
    <subfield code="e">intro.</subfield>
  </datafield>
  <datafield tag="700" ind1="1" ind2=" ">
    <subfield code="a">Tirado, Luis Alfonso, </subfield>
    <subfield code="e">intro.</subfield>
  </datafield>
  <datafield tag="700" ind1="1" ind2=" ">
    <subfield code="a">V. Schussheim, Victoria, </subfield>
    <subfield code="e">tr. </subfield>
  </datafield>
  <datafield tag="942" ind1=" " ind2=" ">
    <subfield code="2">lcc</subfield>
    <subfield code="c">LIB</subfield>
  </datafield>
  <datafield tag="999" ind1=" " ind2=" ">
    <subfield code="c">123529</subfield>
    <subfield code="d">123529</subfield>
  </datafield>
  <datafield tag="952" ind1=" " ind2=" ">
    <subfield code="1">0</subfield>
    <subfield code="2">lcc</subfield>
    <subfield code="4">0</subfield>
    <subfield code="7">0</subfield>
    <subfield code="a">INV-033</subfield>
    <subfield code="b">INV-033</subfield>
    <subfield code="c">GENERAL</subfield>
    <subfield code="d">2016-12-12</subfield>
    <subfield code="f">1a ed.</subfield>
    <subfield code="i">H</subfield>
    <subfield code="k">EH</subfield>
    <subfield code="o">F1219 .1 .C4  K45 2008</subfield>
    <subfield code="p">IIH000014976</subfield>
    <subfield code="r">2016-12-12 00:00:00</subfield>
    <subfield code="t">C:1</subfield>
    <subfield code="y">LIB</subfield>
    <subfield code="z">GENERAL</subfield>
  </datafield>
</record>
